Aplikace řízení poptávky v podmínkách českých organizací = Implementation of the demand management in conditions of Czech enterprises : teze disertační práce /

Hlavní autor: Dobeš, Kamil, 1978-
Korporativní autor: Univerzita Tomáše Bati ve Zlíně. Fakulta managementu a ekonomiky
Jazyk: Čeština
Vydáno: Zlín : Univerzita Tomáše Bati ve Zlíně, 2011
Edice: Teze disertační práce = Doctoral thesis summary
Témata:
Fyzický popis: 46 s. : il. ; 21 cm
Language note: České a anglické resumé
Knihy
Uloženo v:
LEADER 02276nam a2200577 a 4500
001 nkc20112225824
003 CZ PrNK
005 20140509125204.0
007 ta
008 110919s2011 xr a f m 000 0 cze
015 |a cnb002225824 
020 |a 978-80-7454-034-9  |q (brož.) 
035 |a (OCoLC)880868071 
040 |a BOA001  |b cze  |d OLA001 
041 0 |a cze  |b cze  |b eng 
072 7 |a 658  |x Řízení a správa podniku  |2 Konspekt  |9 4 
080 |a 339.133  |2 MRF 
080 |a 658.8  |2 MRF 
080 |a 005.521  |2 MRF 
080 |a 005.51  |2 MRF 
080 |a (043.3)  |2 MRF 
080 |a (048.3)  |2 MRF 
100 1 |a Dobeš, Kamil,  |d 1978-  |7 mzk2003213147  |4 dis 
245 1 0 |a Aplikace řízení poptávky v podmínkách českých organizací =  |b Implementation of the demand management in conditions of Czech enterprises : teze disertační práce /  |c autor Kamil Dobeš 
246 3 1 |a Implementation of the demand management in conditions of Czech enterprises 
260 |a Zlín :  |b Univerzita Tomáše Bati ve Zlíně,  |c 2011 
300 |a 46 s. :  |b il. ;  |c 21 cm 
490 1 |a Teze disertační práce =  |a Doctoral thesis summary 
500 |a "Obor 6208V038 Management a ekonomika" 
500 |a 30 výt. 
502 |a Teze disertační práce (Ph.D.)--Univerzita Tomáše Bati ve Zlíně, Fakulta managementu a ekonomiky, 2008 
504 |a Obsahuje bibliografii 
546 |a České a anglické resumé 
650 0 7 |a spotřebitelská poptávka  |7 ph125965  |2 czenas 
650 0 7 |a marketing  |7 ph115227  |2 czenas 
650 0 7 |a prognózování  |7 ph249710  |2 czenas 
650 0 7 |a plánování  |7 ph382380  |2 czenas 
650 0 9 |a consumer demand  |2 eczenas 
650 0 9 |a marketing  |2 eczenas 
650 0 9 |a forecasting  |2 eczenas 
650 0 9 |a planning  |2 eczenas 
653 0 |a management poptávky  |a řízení poptávky 
655 9 |a dissertations  |2 eczenas 
655 9 |a abstracts  |2 eczenas 
710 2 |a Univerzita Tomáše Bati ve Zlíně.  |b Fakulta managementu a ekonomiky  |7 kn20010709196 
810 2 |a Univerzita Tomáše Bati ve Zlíně.  |t Teze disertační práce  |0 s 
910 2 |a BOA001  |b 2-1272.046 
990 |a BK 
995 |a 01 
991 |b 201110  |c NOV  |e n 
996 6 |b 2610489506  |c 2-1272.046  |l MZK  |r Sklad / do 1 hodiny  |n 1  |p p.v.  |w 001203414  |u 000010  |a 1  |e BOA001  |j MZK50  |s P